Focus (Record no. 76008)

MARC details
000 -LEADER
fixed length control field 00975cab a2200205 4500
001 - CONTROL NUMBER
control field ##L131268
008 - FIXED-LENGTH DATA ELEMENTS--GENERAL INFORMATION
fixed length control field 051014n2005 000 0 eng u
035 ## - SYSTEM CONTROL NUMBER
System control number (Sirsi) u131268
041 0# - LANGUAGE CODE
Language code of text/sound track or separate title eng
100 1# - MAIN ENTRY--PERSONAL NAME
Personal name Pilkington, Lisa
245 00 - TITLE STATEMENT
Title Focus
Remainder of title southern Europe and Turkey
260 3# - PUBLICATION, DISTRIBUTION, ETC.
Date of publication, distribution, etc. 2005
490 #0 - SERIES STATEMENT
Series statement Estates Gazette
Volume/sequential designation (0540) 8 October 2005,135-143(8)
520 ## - SUMMARY, ETC.
Summary, etc. Covers aspects of the commercial property investment markets in Spain, Italy and Turkey: good preparation and good relations with local partners are prerequisites for addressing the volatile Spanish market; major UK developers remain cautious about entering the Italian market and most blame Italian red tape, and investors are moving into the recovering Turkish market in spite of the troubled economy and natural disasters.
590 ## - LOCAL NOTE (RLIN)
Local note IKA251005
690 ## - LOCAL SUBJECT ADDED ENTRY--TOPICAL TERM (OCLC, RLIN)
Topical term or geographic name as entry element PROPERTY-COMMERCIAL PROPERTY-COMMERCIAL PROPERTY MARKET
700 1# - ADDED ENTRY--PERSONAL NAME
Personal name Morrison, Adrian
700 1# - ADDED ENTRY--PERSONAL NAME
Personal name Elghamry, Nadia
942 ## - ADDED ENTRY ELEMENTS (KOHA)
Suppress in OPAC 0
Holdings
Withdrawn status Lost status Source of classification or shelving scheme Damaged status Not for loan Home library Current library Shelving location Date acquired Total Checkouts Full call number Barcode Date last seen Copy number Price effective from Koha item type
    Dewey Decimal Classification     London London Journal article 14/10/2005   L131268 131268-1001 06/08/2019 1 06/08/2019 Journal article